000 00874cad a22002055a 4500
001 E154491
008 111214s2011 xxk f 000 0 eng d
020 _a9781907916441
035 _a(Sirsi) u154491
041 0 _aeng
110 2 _aAudit Scotland
_93963
245 0 0 _aReducing Scottish greenhouse gas emissions
_h[electronic resource]
260 _aEdinburgh
_bAudit Scotland
_c2011
520 _aLooks at the progress made in reducing greenhouse gas emissions in Scotland since 1990 and assesses the effectiveness of the Scottish Government's approach to achieving reductions.
590 _aKA
651 4 _aScotland
_y1999-
690 _aENVIRONMENTAL AND LAND CONSULTANCY-ENERGY-ENERGY USE
856 4 0 _uhttps://www.audit-scotland.gov.uk/docs/central/2011/nr_111208_greenhouse_gases.pdf
_zView the report free of charge at www.audit-scotland.gov.uk
942 _n0
999 _c113011
_d113011